000 00645cam a22002412u 4500
001 BUGAP-005966
003 AR-TrUNPB
007 ta
008 150818s1973 ag r 000 0 spa d
040 _aAR-TrUNPB
082 0 _a347.51
_220
100 1 _aRadresa, Emilio
245 1 0 _aSociedades colectivas /
_cEmilio Radresa
260 _aBuenos Aires :
_bAstrea,
_c1973
300 _a266 P
590 _aRegistros migrados a formato MARC
650 4 _aSOCIEDADES COMERCIALES
_9186
650 4 _aSOCIEDADES COLECTIVAS
_99887
650 7 _aDERECHO COMERCIAL
_2
_92528
650 7 _aSOCIEDADES
_2Unescot
_95843
942 _cBK
910 _aAM000912
999 _c8327
_d8327